Cơ sở di truyền học

Enregistré dans:
Détails bibliographiques
Auteur principal: Phạm Thành Hổ
Format: Livre
Langue:Undetermined
Publié: Tp. HCM Trường Đại học Tổng hợp Tp. HCM 1993
Sujets:
Tags: Ajouter un tag
Pas de tags, Soyez le premier à ajouter un tag!
Thư viện lưu trữ: Trung tâm Học liệu Trường Đại học Cần Thơ
LEADER 00516nam a2200181Ia 4500
001 CTU_23412
008 210402s9999 xx 000 0 und d
082 |a 576.5 
082 |b H450 
100 |a Phạm Thành Hổ 
245 0 |a Cơ sở di truyền học 
245 0 |c Phạm Thành Hổ 
260 |a Tp. HCM 
260 |b Trường Đại học Tổng hợp Tp. HCM 
260 |c 1993 
650 |a genetics 
904 |i Lan, 970612 
980 |a Trung tâm Học liệu Trường Đại học Cần Thơ